Quizzes
Events
Quiz Creation
Community
Videos
Private Events
Remove Ads
Sign In
Join for FREE
Feedback
Dark Mode
Quiz Categories
Sports
Geography
Music
Movies
Television
Just For Fun
Miscellaneous
History
Literature
Language
Science
Gaming
Entertainment
Religion
Holiday
For Kids
Quiz Lab
Recent
Popular Today
Quiz Kudos Today
Editor Picks
Curator Picks
Quizzes by...
Day
Popularity
Type
Ratings
Length
Year
Community
Subscriptions
Recent Discussions
Orange Saloon
Badges
Playlists
Quests
Create
Leaderboards
Showdown
Live 5
Trivia Bingo
Activity
Puzzle Library
Sporcle Events
Private Events
Virtual Trivia
Globe League
Become a Host
Pub Owners
SporcleCon
Opinionation
Our Games
Videos
Blog
Mobile Apps
Partnerships
Remove Ads and Go Orange
Feedback
Music
Pop Music
The Beatles
Song
Album
Lyrics
Bands
Singers
Artist
Clip
Rock
Rap
Classical
Billboard
Country Music
Kpop
Taylor Swift
Music
Pop Music
The Beatles
Song
Album
Lyrics
Bands
Singers
Artist
Clip
Rock
Rap
Classical
Billboard
Country Music
Kpop
Taylor Swift
Random Quiz
Search Sporcle
×
Quiz Lab
Quiz Lab
Music
Bands
Type in answers that appear in a list
Type in answers that appear in a list
Classic
Best Score? Go Orange.
'B' Bands Stats
Can you name the bands starting with 'b'?
By
AwesomeWillv1
7m
20 Questions
2,892 Plays
2,892 Plays
2,892 Plays
Comments
Comments
Give Quiz Kudos
Give Quiz Kudos
-
- Ratings
hide this ad
More Info
Forced Order
Answers have to be entered in order
Answers have to be entered in order
Replay
Link that replays current quiz
Next Quiz
Link to next quiz in quiz playlist
You Got
0%
They Got
Avg Score
52%
Avg Friend Score
Upgrade to see
Score Distribution
Jump to the score distribution portion of the page
Score
0/20
Timer
07:00
1
Play Today
Songs
Band
% Correct
It's My Life, Everyday, Livin' On a Prayer
Bon Jovi
94.4%
Here Comes the Sun, Day Tripper, I am the Walrus
(The) Beatles
90.9%
Barbara Ann, I Get Around, Kokomo
(The) Beach Boys
82%
War Pigs, Paranoid, Iron Man
Black Sabbath
81.8%
More Then a Feeling, Smokin', Piece of Mind
Boston
79.5%
Gratitude, Intergalactic, No Sleep 'til Brooklyn
Beastie Boys
77.2%
Feeling This, Dammit, Adam's Song
Blink 182
76.5%
Godzilla, (Don't Fear) the Reaper, Astronomy
Blue Öyster Cult
73.7%
Atomic, One Way or Another, Call me
Blondie
66.2%
One Week, It's All Been Done, Be My Yoko Ono
Barenaked Ladies
65.1%
Songs
Band
% Correct
Song 2, Country House, Parklife
Blur
59.3%
Comedown, The Chemicals Between Us, Machinehead
Bush
42.2%
Sorry, Crazy B**ch, Rescue Me
Buckcherry
39.1%
Banquet, Helicopter, I Still Remember
Bloc Party
31.1%
So Cold, Diary of Jane, Firefly
Breaking Benjamin
27.4%
Scream, Aim, Fire, Waking the Demon, 4 Words (To Choke Upon)
Bullet For My Valentine
17.4%
Try Honesty, Nothing To Lose, Fallen Leaves
Billy Talent
14.8%
Sowing Season (Yeah), The Quiet Things That No One Ever Knows, Fork and Knife
Brand New
13.8%
Nervous Breakdown, TV Party, Jealous Again
Black Flag
9.3%
Born to Lose, Stillborn, The Blessed Hellride
Black Label Society
9.2%
Quiz Playlist
Details
Report
Send in Message
Add To Playlist
More Info:
Sequel to the 'A' Bands game.
Classic:
Type in answers that appear in a list
Forced Order:
Answers have to be entered in order
Last Updated: Feb 16, 2017
Quiz Scoreboard
CHALLENGE
Sign Up to Join the Scoreboard
Show All
Scores
Hide
Comments
May contain spoilers
Recently Published
NBA Finals Game Top Scorers (2010s)
by flibbidy
Sports
5m
Guess the 'R' Things in 3 Words
by MSUKent
Miscellaneous
3m
Actor to Badly Drawn Movie III
by MoMosMoProblems
Movies
5m
More to Explore
Quiz From the Vault
Featured Blog Post
Where Does Lost Luggage Go?
hide this ad
You Might Also Like...
Tags
Bands Quiz
Song Quiz
Starting
Today's Top Quizzes in Music
Browse Music
hide this ad
Today's Top Quizzes in Bands
Browse Bands
Top Contributed Quizzes in Music
1
Taylor Swift All Songs (2024)
2
Image Sorting: Rock Albums II
3
Image Sorting: Rock Albums III
4
Image Sorting: Rock Albums IV
5
Image Sorting: Rock Albums V
6
Image Sorting: Rock Albums VI
7
Adjectives in 80s Songs
8
Taylor Swift Logic Puzzle
9
Image Sorting: Album Titles
10
Nickname Match: Musicians
Explore More
Trending Topics
NBA
Harry Potter
Marvel
Disney
Kpop
Crossword
Anime
The Office
WWE
Soccer
Puzzle
Song
Pokémon
Country
NFL
hide this ad
More By:
AwesomeWillv1
Quiz
Plays
Rating
Category
Featured
Created
'A' Bands
125,781
3.50
Music
Dec 15, 2009
WWE -> TNA/ TNA -> WWE
16,784
1.43
Sports
Oct 3, 2009
Current WWE Superstars by real name
7,750
3.81
Sports
Dec 12, 2009
'B' Bands
2,892
3.24
Music
Dec 16, 2009
WWE Themes by Lyrics
2,074
4.00
Music
Dec 12, 2009
Go to Creator's Profile
Score Distribution
Quiz Creator Spotlight
AwesomeWillv1
Follow
Send a Message
Quizzes Created
-
Created Quiz Play Count
-
More By This Creator
Popular Quizzes Today
1
Find the US States - No Outlines Minefield
2
Find the US States
3
The Countries of the World
4
10 Largest US States in Order
5
Find the Countries of Europe - No Outlines Minefield
6
US States
7
Guess the 'R' Things in 3 Words
8
NBA Finals Game Top Scorers (2010s)
More Music Quizzes
Parts of a Flute
Curator's Pick
Trending Quizzes
First Name TV: Leading Men
Match the Book to the Film II
First Name TV: Leading Women Drama
3-Word Movies in 1 Word II
Match the Book to the Film VI
Recently Updated
Women's Final Four Teams by Year
bhenderson79
Presidents Quartet II
eogle
Anything But Clue(do)
eogle
Anything But Oceanian Capitals
eogle
Anything But 7
eogle
Anything But Thing
eogle
Word Ladder: February 29
pecheneg
Song Title Questions
pecheneg
Women's NCAA Tournament #1 Seeds
pecheneg
Celebrity Mug Shots
pecheneg
Trending Topics
NBA
Kpop
Crossword
Disney
Anime
Marvel
Harry Potter
Pokémon
NFL
Song
The Office
Puzzle
Country
WWE
Soccer
Your Account Isn't Verified!
In order to create a playlist on Sporcle, you need to verify the email address you used during registration. Go to your
Sporcle Settings
to finish the process.
Report this User
Report this user for behavior that violates our
Community Guidelines
.
Details:
Send Report
Go to the Sporcle.com Mobile Site →
Comments